01773nam a2200481 i 450000100060000000300090000600500170001500800390003201500180007102000150008903500360010403500140014003500220015403500230017604000280019904600090022708000120023608000080024824501750025625000390043126000480047030000530051833600270057133700540059833800280065238000160068038000270069638000230072338500390074638800100078550000430079565000180083865500220085665800340087870000430091270000440095570000500099971000330104970000370108270000370111970000370115685600980119353518KOSZ 00520201126122319.0190315s2001 pl ad f f 000 0 pol aPB 2018/22574 z8301130105 a(PL-WaBN)b60119755-48omnis_nlop ab60119755 a(OCoLC)1051264156 a(PL)b0000006011975 aWA NcWA NdKOSZ 005/RW k1999 a(075.8) a33000aPodstawy ekonomii /credakcja naukowa Roman Milewski ; [autorzy Anna Jabłońska, Anna Krajewska, Eugeniusz Kwiatkowski, Roman Milewski, Andrzej Raczko, Paweł Samecki]. aWydanie 2. poprawione, (2 dodruk). aWarszawa :bWydawnictwo Naukowe PWN,c2001. a682, [1] strony :bilustracje, wykresy ;c25 cm. aTekstbtxt2rdacontent aBez urządzenia pośredniczącegobn2rdamedia aWoluminbnc2rdacarrier aKsiążki aPublikacje dydaktyczne aPublikacje naukowe mPoziom nauczaniaaSzkoły wyższe1 a2001- aNa książce także ISBN wydania 1. 7aEkonomia2DBN 7aPodręcznik2DBN aGospodarka, ekonomia, finanse1 aJabłońska, Annac(ekonomia).eAutor1 aKwiatkowski, Eugeniuszd(1947- )eAutor1 aMilewski, Romand(1940-2001)eAutoreRedakcja2 aWydawnictwo Naukowe PWN4pbl1 aKrajewska, Annad(1942- )eAutor1 aRaczko, Andrzejd(1953- )eAutor1 aSamecki, Pawełd(1958- )eAutor uhttp://koha.tu.koszalin.pl/cgi-bin/koha/opac-detail.pl?biblionumber=53518yKatalog online BPK